书目信息 |
| 题名: |
野外生存小百科
|
|
| 作者: | 约翰逊 著 ;卫平 译 | |
| 分册: | ||
| 出版信息: | 济南 明天出版社 2004 |
|
| 页数: | 356页 | |
| 开本: | 16cm | |
| 丛书名: | ||
| 单 册: | ||
| 中图分类: | G895 | |
| 科图分类: | ||
| 主题词: | 生存--应用训练--基本知识 | |
| 电子资源: | ||
| ISBN: | 7-5332-4436-2 | |
| 000 | 00950nam0 2200241 45 | |
| 001 | 002619303 | |
| 005 | 20050322083342.4 | |
| 010 | @a7-5332-4436-2@dCNY16.00 | |
| 100 | @a20040402d2004 em y0chiy0110 ea | |
| 101 | 1 | @achi@ceng |
| 102 | @aCN@b370000 | |
| 105 | @aa z 000yy | |
| 200 | 1 | @a野外生存小百科@Aye wai sheng cun xiao bai ke@dSurvival Tips@e紧急情况下的150种生存技巧@f(英)克莱夫·约翰逊著@F(Ying)Ke Lai Fu·Yue Han Xun Zhu@g卫平等译 |
| 210 | @a济南@c明天出版社@d2004 | |
| 215 | @a356页@c图@d16cm | |
| 330 | @a本书介绍了有关野外生存和挑战极限运动方面的基本知识与技巧,以及在紧急情况下的150种生存技巧。书中附有大量指导实际操作的插图,并做了详细说明。 | |
| 517 | 1 | @a紧急情况下的150种生存技巧@9jin ji qing kuang xia de 150 zhong sheng cun ji qiao |
| 606 | 0 | @a生存@x应用训练@x基本知识 |
| 690 | @aG895@v4 | |
| 701 | 0 | @a约翰逊@4著 |
| 702 | 0 | @a卫平@Awei ping@c(翻译)@4译 |
| 801 | 0 | @aCN@bNLC@c20040524 |
| 905 | @f1@b345599@dG895@e193 | |
| 野外生存小百科=Survival Tips:紧急情况下的150种生存技巧/(英)克莱夫·约翰逊著/卫平等译.-济南:明天出版社,2004 |
| 356页:图;16cm |
| ISBN 7-5332-4436-2:CNY16.00 |
| 本书介绍了有关野外生存和挑战极限运动方面的基本知识与技巧,以及在紧急情况下的150种生存技巧。书中附有大量指导实际操作的插图,并做了详细说明。 |
| ● |
| 相关链接 |
|
|
|
|
正题名:野外生存小百科
索取号:G895/193
 
预约/预借
| 序号 | 登录号 | 条形码 | 馆藏地/架位号 | 状态 | 备注 |
| 1 | 0345599 | 203455992 | 第一样本阅览室/ [索取号:G895/193] | 在馆 |